000 00672nam a2200217Ia 4500
003 GCL
008 140319s9999 xx 000 0 ara d
040 _aGCL /
_cGCL
082 0 4 _a327
_bم م
100 1 _aمحمد طه بدوى
245 1 0 _aمدخل الى علم العلاقات الدولية /
_cمحمد طه بدوى
260 _a[S.N] :
_bدار النهضة العربية
300 _a304 ص
490 _a
650 0 4 _aالقانون الدولى
650 0 4 _aالسياسة الدولية
650 0 4 _aالعلاقات الخارجية
650 0 4 _aالدبلوماسية
650 0 4 _aالجغرافيا السياسية
942 _2ddc
_cBK
999 _c37410
_d37410